Sports Quiz

Random Sports or NFL Quiz

Washington Redskins Best #1 Draft Picks Quiz Stats

 Plays Quiz not verified by Sporcle

Challenge
Share
Tweet
Embed
Score 0/10 Timer 10:00
0 Plays Today
Draft Year/Position Player % Correct
1999/DBChamp Bailey
93.2%
1983/DBDarrell Green
90.9%
1980/WRArt Monk
86.4%
1964/WRCharley Taylor
81.8%
2000/LBLavar Arrington
77.3%
1981/GMark May
34.1%
1961/QBNorm Snead
25%
2005/DBCarlos Rogers
22.7%
1975/RBMike Thomas
20.5%
1997/DEKennard Lang
13.6%

You're not logged in!

Compare scores with friends on all Sporcle quizzes.
Join for Free
OR
Log In

You Might Also Like...

Show Comments

Extras

Top Quizzes Today


Score Distribution

Your Account Isn't Verified!

In order to create a playlist on Sporcle, you need to verify the email address you used during registration. Go to your Sporcle Settings to finish the process.

Report this User

Report this user for behavior that violates our Community Guidelines.

Details: